| 000 | 02822cam a2200409 i 4500 | ||
|---|---|---|---|
| 001 | 21093013 | ||
| 003 | NUST | ||
| 005 | 20250618152840.0 | ||
| 006 | m |o d | | ||
| 007 | cr ||||||||||| | ||
| 008 | 190718s2020 nju ob 001 0 eng | ||
| 010 | _a 2019031009 | ||
| 020 |
_a9781119583080 _q(paperback : acid-free paper) |
||
| 038 | _aMalang Jan | ||
| 040 |
_aDLC _beng _cDLC _erda _dDLC |
||
| 042 | _apcc | ||
| 050 | 0 | 0 | _aTH146 |
| 082 | 0 | 0 |
_a690 _223 _bCHI |
| 100 | 1 |
_aChing, Francis D. K., _d1943- _eauthor. _926249 |
|
| 245 | 1 | 0 |
_aBuilding construction illustrated / _cFrancis D. K. Ching. |
| 250 | _aSixth edition. | ||
| 264 | 1 |
_aHoboken, New Jersey : _bWiley, _c2020. |
|
| 300 | _a1 online resource | ||
| 336 |
_atext _btxt _2rdacontent |
||
| 337 |
_acomputer _bc _2rdamedia |
||
| 338 |
_aonline resource _bcr _2rdacarrier |
||
| 504 | _aIncludes bibliographical references and index. | ||
| 520 |
_a"For over four decades, Building Construction Illustrated has been the leading illustrated guide to the principles of building construction. With rich illustrations and in-depth content, this book offers students and practicing professionals the information needed to understand concepts in residential and commercial construction, architecture, and engineering. This edition has been revised throughout to reflect the latest advancements in building design, materials and systems, including resilient design, diagrids, modular foundation systems, smart façade systems, lighting sources, mass timber materials, and more. Through extraordinary illustration, renowned author Francis D.K. Ching offers all new illustrations and updated information on sustainability and green building, insulation materials, and fire-rated wall and floor assemblies. This respected, industry standard guide remains as relevant as ever--providing the latest updates in codes and standards requirements including IBC, LEED, and CSI MasterFormat. Ching communicates in a way that resonates with those just beginning their education and those well into their careers looking to brush up on the basics. Building Construction Illustrated is a reliable, lifelong guide that readers will turn to time and again throughout their careers"-- _cProvided by publisher. |
||
| 588 | _aDescription based on print version record and CIP data provided by publisher. | ||
| 650 | 0 | _aBuilding. | |
| 650 | 0 | _aHouse construction. | |
| 776 | 0 | 8 |
_iPrint version: _aChing, Francis D. K., 1943- _tBuilding construction illustrated _bSixth edition. _dHoboken, New Jersey : Wiley, 2020. _z9781119583080 _w(DLC) 2019031008 |
| 906 |
_a7 _bcbc _corignew _d1 _eecip _f20 _gy-gencatlg |
||
| 942 |
_2ddc _cBK _e6th _h690 _iCHI |
||
| 999 |
_c613868 _d613868 |
||